000 00925ntm a22003497a 4500
005 20260303140936.0
008 170727b2010 xxu||||| |||| 00| 0 spa d
020 _a9789588473369
041 _aESP
082 _a617.69 M617r
100 _aMezzomo, Elio
_943564
100 _aSuzuki, Roberto Makoto
245 _aRehabilitación oral contemporánea: tomo 1
260 _aMéxico
260 _bAmolca
260 _c2010
300 _a441 páginas
300 _bFotografías a color
490 _aMecánica Dental
650 _aRESTAURACIÓN DENTAL
650 _aODONTOLOGÍA RESTAURADORA
650 _aREHABILITACIÓN ORAL
650 _aPRÓTESIS DENTALES
650 _aPERIODONCIA
650 _aDENTINA
650 _aOCLUSIÓN
650 _aREGISTROS OCLUSALES
650 _aPRÓTESIS PARCIAL FIJA
650 _aPRÓTESIS PARCIAL REMOVIBLE
650 _aIMPLANTES DENTALES
942 _cBK
_2ddc
999 _c9675
_d9675